Obálka
Pro půjčování e-knih musíte být přihlášeni.
Jak si půjčit online?

Brisingr

Uloženo v:
Série:Odkaz Dračích jezdců, část 3
Hlavní autor: Paolini, Christopher, 1983- (Autor)
Další autoři: Staníčková, Olga (Autor), Stránský, Martin, 1970- (Překladatel)
Médium: E-audiokniha
Jazyk:Czech
Vydáno: Praha : Fragment, c2013
Témata:
Příbuzné jednotky:Z cyklu:: Odkaz Dračích jezdců
Tagy:
Žádné tagy
LEADER 04857nim a2201141 aa4500
001 313122
003 CZ PrSKC
005 20260601215735.0
007 sd fsngnnmmned
008 131112s2013 xr nnnng f n cze
015 |a cnb002519580 
024 3 |a 8594155754892 
040 |a ABA001  |b cze 
041 1 |d cze  |h eng 
072 7 |a 821.111(73)-3  |x Americká próza  |2 Konspekt 
080 |a 821.111(73)-31  |2 MRF 
080 |a (0:82-312.9)  |2 MRF 
080 |a (086.76)  |2 MRF 
100 1 |a Paolini, Christopher,  |d 1983-  |7 xx0025816  |4 aut 
245 1 0 |a Brisingr  |h [zvukový záznam] /  |c Christopher Paolini 
260 |a Praha :  |b Fragment,  |c c2013 
300 |a 2 zvukové desky (27 hod., 38 min.) :  |b digital, MP3 ;  |c 12 cm 
306 |a 273800 
500 |a Překlad Olga Zumrová 
500 |a 3. díl tetralogie Odkaz Dračích jezdců; nahrávka vznikla podle knihy Christophera Paoliniho Brisingr, vydané Nakladatelstvím Fragment, 1. vydání, 2013 
500 |a Kompaktní desky 
511 0 |a Čte Martin Stránský 
518 |a Natočeno ve studiu Chevaliere, Řevnice 
655 7 |a americké romány  |7 fd131796  |2 czenas 
655 7 |a fantasy romány  |7 fd184199  |2 czenas 
655 7 |a kompaktní disky  |7 fd201991  |2 czenas 
700 1 |a Staníčková, Olga  |7 xx0031599  |4 trl 
700 1 |a Stránský, Martin,  |d 1970-  |7 jn20000710600  |4 stl 
740 0 2 |a Odkaz Dračích jezdců 
900 |a ABA001  |b 17 
044 |a xr 
505 0 0 |t 01 Brany temnot (19 min., 53 sek.) 
505 0 0 |t 02 U taboraku (59 min., 19 sek.) 
505 0 0 |t 03 Utok na Helgrind (39 min., 49 sek.) 
505 0 0 |t 04 Neshody (21 min., 14 sek.) 
505 0 0 |t 05 Jezdec a razak (18 min., 38 sek.) 
505 0 0 |t 06 Sam pesky krajinou (53 min., 28 sek.) 
505 0 0 |t 07 Zkouska dlouhych nozu (36 min., 54 sek.) 
505 0 0 |t 08 Okridlene zvesti (33 min., 40 sek.) 
505 0 0 |t 09 Cesta v utajeni (54 min., 53 sek.) 
505 0 0 |t 10 Choulostiva zalezitost (23 min., 18 sek.) 
505 0 0 |t 11 Krvavy vlk (32 min., 49 sek.) 
505 0 0 |t 12 Slitovani draci jezdce (20 min., 18 sek.) 
505 0 0 |t 13 Stiny minulosti (1 hod., 7 min., 57 sek.) 
505 0 0 |t 14 Uprostred neklidneho davu (29 min., 30 sek.) 
505 0 0 |t 15 Odpoved krali (23 min., 27 sek.) 
505 0 0 |t 16 Hostina s prateli (22 min., 8 sek.) 
505 0 0 |t 17 Protinajici se pribehy (17 min., 35 sek.) 
505 0 0 |t 18 Naprava (26 min., 45 sek.) 
505 0 0 |t 19 Zlate dary (48 min., 25 sek.) 
505 0 0 |t 20 Potrebuji mec (27 min., 36 sek.) 
505 0 0 |t 21 Necekani hoste (15 min., 42 sek.) 
505 0 0 |t 22 Ohen na nebi (1 hod., 1 min., 55 sek.) 
505 0 0 |t 23 Muz a zena (29 min., 11 sek.) 
505 0 0 |t 24 Nocni sepot (8 min., 12 sek.) 
505 0 0 |t 25 Prikazy (33 min., 12 sek.) 
505 0 0 |t 26 Slepeje stinu (25 min., 7 sek.) 
505 0 0 |t 27 Pres hory a doly (31 min., 24 sek.) 
505 0 0 |t 28 Pro svou lasku (22 min., 59 sek.) 
505 0 0 |t 29 Kamenny les (35 min., 15 sek.) 
505 0 0 |t 30 Rozesmate mrtvoly (21 min., 59 sek.) 
505 0 0 |t 31 Krev na skalach (50 min., 48 sek.) 
505 0 0 |t 32 Uhel pohledu (22 min., 8 sek.) 
505 0 0 |t 33 Libej me lasko (6 min., 56 sek.) 
505 0 0 |t 34 Glumra (21 min., 2 sek.) 
505 0 0 |t 35 Setkani klanu (55 min., 30 sek.) 
505 0 0 |t 36 Neposlusnost (53 min., 28 sek.) 
505 0 0 |t 37 Zprava v zrcadle (16 min., 58 sek.) 
505 0 0 |t 38 Ctyri udery na buben (20 min., 16 sek.) 
505 0 0 |t 39 Shledani (10 min., 34 sek.) 
505 0 0 |t 40 Korunovace (25 min., 24 sek.) 
505 0 0 |t 41 Moudra slova (9 min., 6 sek.) 
505 0 0 |t 42 Pranyr (21 min., 15 sek.) 
505 0 0 |t 43 V mracich (15 min., 43 sek.) 
505 0 0 |t 44 Berani hlavy (22 min., 39 sek.) 
505 0 0 |t 45 Rodokmen (18 min., 43 sek.) 
505 0 0 |t 46 Ztraceni milenci (34 min., 44 sek.) 
505 0 0 |t 47 Odkaz (14 min., 34 sek.) 
505 0 0 |t 48 Duse z kamene (28 min., 9 sek.) 
505 0 0 |t 49 Ruce valecnika (13 min., 38 sek.) 
505 0 0 |t 50 Strom zivota (38 min., 47 sek.) 
505 0 0 |t 51 Kouzla s vyhni (36 min., 21 sek.) 
505 0 0 |t 52 Jezdec se vsim vsudy (13 min., 25 sek.) 
505 0 0 |t 53 Do boje (4 min., 38 sek.) 
505 0 0 |t 54 Rozlouceni (26 min., 45 sek.) 
505 0 0 |t 55 Let (11 min., 46 sek.) 
505 0 0 |t 56 Brisingr (37 min., 43 sek.) 
505 0 0 |t 57 Stin zkazy (42 min., 43 sek.) 
505 0 0 |t 58 Vychod slunce (21 min., 45 sek.) 
787 0 8 |g 3  |i Z cyklu:  |t Odkaz Dračích jezdců 
910 |a RBIT002 
998 |d 357800  |a https://core.palmknihy.cz/api/books/357800/cover?sui3zs  |b https://core.palmknihy.cz/api/books/357800/cover/400?sui3zs  |c https://core.palmknihy.cz/api/books/357800/cover/50?sui3zs  |e 2030-01-29  |i 8594155754892  |l 99480  |q 49  |r 1  |s https://www.palmknihy.cz/kniha/357800  |t audiobook  |y 2015  |z 0  |v Odkaz Dračích jezdců  |w 3 
999 |d 313120